01041pab a2200181 454500008004000000100002400040245004800064260000900112300001300121362001100134520051300145650002500658773003400683908000600717909001100723999001900734952010600753180718b2014 xxu||||| |||| 00| 0 eng d aBagchi, Amiya Kumar aRabindranath Tagore and the human condition c2014 ap.38-46. a22 Mar aIt is only when we grasp Rabindranath Tagore's ceaseless quest for connectivity and creativity that we can understand, however imperfectly, how he could be at one and the same time intensely secular and profoundly religious, punctilious in his public performance yet able to portray the nonconformist in so many ways, traditional in the bedrock of his knowledge and some of his philosophical perspectives and yet more modernist than most Indian litterateurs and artists of his century and ours. - Reproduced. aTagore, Rabindranath aEconomic and Political Weekly aN a103479 c103475d103475 00104070aIIPAbIIPAd2018-07-19hVolume no: 49, Issue no: 12pAR103939r2018-07-19w2018-07-19yAR